Test wiedzy o Asi - Statystyki

Ogólne statystyki
  • Ten quiz został rozwiązany 2 razy
  • Średni wynik to 3 z 10
Statystyki odpowiedzi
Zagadnienie Odpowiedź % Poprawnych
Jaka jest moja ulubiona cyfra 7
100%
Kiedy mam urodziny 23 listopada
50%
Ile mam rodzeństwa 5
50%
Jakie imiona mają moje zwierzaki Leon, Felek, Johny
50%
W jakiej klasie byłam w liceum mat-fiz
50%
Od kiedy mieszkam we Wrocławiu 2017
0%
Jaki jest mój ulubiony kolor Czarny
0%
W jakim konkursie szkolnym zajęłam 1 miejsce Gminne potyczki matematyczne
0%
Która aktywność jest moją ulubioną Rower
0%
Który członek zarządu jest moim ulubionym Sławek
0%
Nie znaleziono quizów pasujących do podanych kryteriów
Rozkład punktacji
Procent ludzi z każdym wynikiem
Percentyl według liczby udzielonych odpowiedzi
Twoja historia wyników
Nie rozwiązałeś tego quizu